000 00796nam a22002537a 4500
005 20170123162336.0
010 _aA-374579
020 _c50.00
035 _aA-374579
037 _bCen Lib/Ret
040 _aDPL
_bUR
082 _aن
_bق ر ت
100 _aقراتتولیں حیدر
_9108487
245 _aچار ناولٹ /
_cقراتتولیں حیدر
246 _aChar navlat /
_bby Qurratulen Haidar
260 _aعلیگڑھ
_bایجوکیشن بک ہاؤس
_c1989
270 _aمسلم انورستے مارکیٹ
_bعلیگڑھ
_e202002
300 _a400p
_c18cm(Hb)
650 _aادب -- اردو
_9124499
650 _aاردو ناول
_9547
650 _aLiterature -- Urdu
_9124500
650 _aUrdu novel
_9124501
942 _2ddc
_cUR
_hن
_mق ر ت
999 _c108192
_d108192